Az összes Balatonakármi - Statistics

General Stats
  • This quiz has been taken 6 times
  • The average score is 20 of 31
Answer Stats
Megye Válasz % Correct
Veszprém akali
100%
Veszprém akarattya
100%
Somogy berény
100%
Veszprém ederics
100%
Somogy fenyves
100%
Somogy földvár
100%
Veszprém fűzfő
100%
Zala györök
100%
Somogy lelle
100%
Somogy máriafürdő
100%
Somogy szárszó
100%
Somogy szemes
100%
Somogy szentgyörgy
100%
Somogy világos
100%
Veszprém almádi
67%
Somogy boglár
67%
Veszprém füred
67%
Veszprém kenese
67%
Veszprém szepezd
67%
Veszprém csicsó
33%
Veszprém főkajár
33%
Somogy keresztúr
33%
Somogy őszöd
33%
Somogy szabadi
33%
Veszprém szőlős
33%
Veszprém udvari
33%
Somogy újlak
33%
Somogy endréd
0%
Veszprém henye
0%
Zala magyaród
0%
Veszprém rendes
0%
No matching quizzes found
Score Distribution
Percent of People with Each Score
Percentile by Number Answered
Your Score History
You have not taken this quiz